[Event "2024 National Elementary (K-6) Championship"]
[Site "Columbus, Ohio, United States"]
[Date "2024.04.27"]
[Round "3.1"]
[White "Yue, Tariq"]
[Black "Wang, Connor Junda"]
[Result "1-0"]
[TimeControl "G/90; d10"]
[WhiteFideId "30975182"]
[BlackFideId "30991803"]
[WhiteElo "2073"]
[BlackElo "1915"]

1. Nf3 {[%clk 01:29:51]} {[%emt 00:00:26]} d5 {[%clk 01:30:00]} {[%emt
00:00:06]} 2. b3 {[%clk 01:29:42]} {[%emt 00:00:14]} Nf6 {[%clk 01:28:26]}
{[%emt 00:01:41]} 3. Bb2 {[%clk 01:29:20]} {[%emt 00:00:33]} e6 {[%clk
01:27:04]} {[%emt 00:01:32]} 4. c4 {[%clk 01:27:59]} {[%emt 00:01:31]} c6
{[%clk 01:26:20]} {[%emt 00:00:54]} 5. g3 {[%clk 01:27:24]} {[%emt 00:00:45]}
Nbd7 {[%clk 01:24:24]} {[%emt 00:02:05]} 6. Bg2 {[%clk 01:27:15]} {[%emt
00:00:19]} Be7 {[%clk 01:23:06]} {[%emt 00:01:28]} 7. O-O {[%clk 01:26:52]}
{[%emt 00:00:34]} O-O {[%clk 01:20:56]} {[%emt 00:02:20]} 8. d3 {[%clk
01:25:52]} {[%emt 00:01:10]} c5 {[%clk 01:17:07]} {[%emt 00:03:58]} 9. cxd5
{[%clk 01:19:59]} {[%emt 00:06:04]} exd5 {[%clk 01:11:55]} {[%emt 00:05:21]} 10.
d4 {[%clk 01:18:35]} {[%emt 00:01:34]} b6 {[%clk 01:07:53]} {[%emt 00:04:13]}
11. Nc3 {[%clk 01:11:51]} {[%emt 00:06:54]} Bb7 {[%clk 01:01:56]} {[%emt
00:06:07]} 12. e3 {[%clk 01:06:44]} {[%emt 00:05:17]} a6 {[%clk 00:56:33]}
{[%emt 00:05:33]} 13. a4 {[%clk 01:00:08]} {[%emt 00:06:46]} Ne4 {[%clk
00:48:55]} {[%emt 00:07:47]} 14. dxc5 {[%clk 00:54:13]} {[%emt 00:06:06]} Nxc3
{[%clk 00:41:01]} {[%emt 00:08:04]} 15. Bxc3 {[%clk 00:54:08]} {[%emt
00:00:15]} bxc5 {[%clk 00:40:47]} {[%emt 00:00:24]} 16. Qc2 {[%clk 00:50:54]}
{[%emt 00:03:24]} Rc8 {[%clk 00:38:12]} {[%emt 00:02:45]} 17. Qb2 {[%clk
00:49:13]} {[%emt 00:01:51]} Bf6 {[%clk 00:36:13]} {[%emt 00:02:08]} 18. Rfd1
{[%clk 00:45:39]} {[%emt 00:03:44]} Bxc3 {[%clk 00:31:46]} {[%emt 00:04:37]} 19.
Qxc3 {[%clk 00:45:39]} {[%emt 00:00:06]} Qf6 {[%clk 00:30:17]} {[%emt
00:01:38]} 20. Qd3 {[%clk 00:41:05]} {[%emt 00:04:43]} Rfd8 {[%clk 00:23:46]}
{[%emt 00:06:38]} 21. Nh4 {[%clk 00:34:48]} {[%emt 00:06:31]} g6 {[%clk
00:18:39]} {[%emt 00:05:18]} 22. Rac1 {[%clk 00:28:32]} {[%emt 00:06:27]} Ne5
{[%clk 00:14:11]} {[%emt 00:04:37]} 23. Qe2 {[%clk 00:27:58]} {[%emt 00:00:45]}
Qe6 {[%clk 00:11:37]} {[%emt 00:02:44]} 24. Nf3 {[%clk 00:26:38]} {[%emt
00:01:29]} Nc6 {[%clk 00:09:50]} {[%emt 00:01:57]} 25. Rxc5 {[%clk 00:20:42]}
{[%emt 00:06:07]} d4 {[%clk 00:08:35]} {[%emt 00:01:24]} 26. Rd3 {[%clk
00:19:46]} {[%emt 00:01:05]} Qe7 {[%clk 00:04:08]} {[%emt 00:04:38]} 27. Rc4
{[%clk 00:17:31]} {[%emt 00:02:25]} a5 {[%clk 00:02:39]} {[%emt 00:01:40]} 28.
Nxd4 {[%clk 00:15:52]} {[%emt 00:01:48]} Nxd4 {[%clk 00:01:55]} {[%emt
00:00:54]} 29. Rcxd4 {[%clk 00:13:59]} {[%emt 00:02:03]} Rxd4 {[%clk 00:01:55]}
{[%emt 00:00:08]} 30. Rxd4 {[%clk 00:13:59]} {[%emt 00:00:07]} Bxg2 {[%clk
00:01:45]} {[%emt 00:00:20]} 31. Kxg2 {[%clk 00:13:38]} {[%emt 00:00:30]} Qb7+
{[%clk 00:01:45]} 32. Qf3 {[%clk 00:12:54]} {[%emt 00:00:54]} Qxb3 {[%clk
00:01:45]} {[%emt 00:00:03]} 33. h4 {[%clk 00:11:29]} {[%emt 00:01:35]} Qe6
{[%clk 00:00:50]} {[%emt 00:01:05]} 34. Qd5 {[%clk 00:11:17]} {[%emt 00:00:22]}
Qb6 {[%clk 00:00:36]} {[%emt 00:00:24]} 35. Rf4 {[%clk 00:10:33]} {[%emt
00:00:54]} Qc6 {[%clk 00:00:36]} {[%emt 00:00:06]} 36. Rd4 {[%clk 00:10:22]}
{[%emt 00:00:21]} Qxd5+ {[%clk 00:00:29]} {[%emt 00:00:17]} 37. Rxd5 {[%clk
00:10:21]} {[%emt 00:00:11]} Ra8 {[%clk 00:00:29]} {[%emt 00:00:03]} 38. Kf3
{[%clk 00:09:33]} {[%emt 00:00:59]} Kg7 {[%clk 00:00:29]} {[%emt 00:00:02]} 39.
Ke4 {[%clk 00:09:04]} {[%emt 00:00:38]} Kf6 {[%clk 00:00:21]} {[%emt 00:00:19]}
40. Re5 {[%clk 00:08:38]} {[%emt 00:00:36]} h5 {[%clk 00:00:14]} {[%emt
00:00:17]} 41. Kf4 {[%clk 00:07:39]} {[%emt 00:01:09]} Ra7 {[%clk 00:00:12]}
{[%emt 00:00:12]} 42. f3 {[%clk 00:06:57]} {[%emt 00:00:52]} Kg7 {[%clk
00:00:12]} {[%emt 00:00:06]} 43. g4 {[%clk 00:06:46]} {[%emt 00:00:22]} hxg4
{[%clk 00:00:12]} {[%emt 00:00:10]} 44. fxg4 {[%clk 00:06:46]} {[%emt
00:00:07]} f6 {[%clk 00:00:12]} {[%emt 00:00:09]} 45. Rd5 {[%clk 00:06:45]}
{[%emt 00:00:10]} Kf7 {[%clk 00:00:11]} {[%emt 00:00:12]} 46. e4 {[%clk
00:06:41]} {[%emt 00:00:14]} Kg7 {[%clk 00:00:11]} {[%emt 00:00:06]} 47. h5
{[%clk 00:06:26]} {[%emt 00:00:24]} gxh5 {[%clk 00:00:11]} {[%emt 00:00:08]} 48.
gxh5 {[%clk 00:05:49]} {[%emt 00:00:46]} Ra6 {[%clk 00:00:11]} {[%emt
00:00:02]} 49. e5 {[%clk 00:05:02]} {[%emt 00:00:56]} fxe5+ {[%clk 00:00:11]}
{[%emt 00:00:06]} 50. Kxe5 {[%clk 00:04:55]} {[%emt 00:00:16]} Kh6 {[%clk
00:00:11]} {[%emt 00:00:06]} 51. Rd6+ {[%clk 00:04:55]} {[%emt 00:00:06]} Rxd6
{[%clk 00:00:11]} {[%emt 00:00:02]} 52. Kxd6 {[%clk 00:04:55]} {[%emt
00:00:10]} Kxh5 {[%clk 00:00:11]} {[%emt 00:00:02]} 53. Kc6 {[%clk 00:04:55]}
{[%emt 00:00:08]} Kg6 {[%clk 00:00:11]} {[%emt 00:00:01]} 54. Kb6 {[%clk
00:04:55]} {[%emt 00:00:08]} Kf7 {[%clk 00:00:11]} 55. Kxa5 {[%clk 00:04:55]}
{[%emt 00:00:07]} Ke8 {[%clk 00:00:11]} {[%emt 00:00:01]} 56. Kb6 {[%clk
00:04:53]} {[%emt 00:00:12]} Kd7 {[%clk 00:00:11]} {[%emt 00:00:01]} 57. Kb7
{[%clk 00:04:53]} {[%emt 00:00:10]} Kd6 {[%clk 00:00:11]} 58. a5 {[%clk
00:04:53]} {[%emt 00:00:07]} Kc5 {[%clk 00:00:11]} {[%emt 00:00:02]} 59. a6
{[%clk 00:04:52]} {[%emt 00:00:11]} Kb5 {[%clk 00:00:11]} 60. a7 {[%clk
00:04:52]} {[%emt 00:00:05]} Kc5 {[%clk 00:00:11]} 61. a8=Q {[%clk 00:04:52]}
{[%emt 00:00:05]} Kd4 {[%clk 00:00:11]} {[%emt 00:00:02]} 62. Kc6 {[%clk
00:04:52]} {[%emt 00:00:02]} Ke5 {[%clk 00:00:11]} 63. Qd8 {[%clk 00:04:52]}
{[%emt 00:00:03]} Ke4 {[%clk 00:00:11]} {[%emt 00:00:02]} 64. Qd6 {[%clk
00:04:52]} {[%emt 00:00:01]} Kf5 {[%clk 00:00:11]} {[%emt 00:00:01]} 65. Qe7
{[%clk 00:04:52]} {[%emt 00:00:02]} Kf4 {[%clk 00:00:11]} {[%emt 00:00:02]} 66.
Qe6 {[%clk 00:04:52]} {[%emt 00:00:01]} Kg5 {[%clk 00:00:11]} {[%emt 00:00:01]}
67. Qf7 {[%clk 00:04:52]} {[%emt 00:00:02]} Kg4 {[%clk 00:00:11]} 68. Qf6
{[%clk 00:04:52]} {[%emt 00:00:01]} Kg3 {[%clk 00:00:11]} {[%emt 00:00:01]} 69.
Qf5 {[%clk 00:04:52]} {[%emt 00:00:01]} Kg2 {[%clk 00:00:11]} {[%emt 00:00:02]}
70. Qf4 {[%clk 00:04:52]} {[%emt 00:00:01]} Kh1 {[%clk 00:00:11]} {[%emt
00:00:02]} 71. Qd2 {[%clk 00:04:52]} {[%emt 00:00:02]} Kg1 {[%clk 00:00:11]}
{[%emt 00:00:01]} 72. Kd5 {[%clk 00:04:52]} {[%emt 00:00:02]} Kh1 {[%clk
00:00:11]} 73. Ke4 {[%clk 00:04:52]} {[%emt 00:00:01]} Kg1 {[%clk 00:00:11]}
{[%emt 00:00:02]} 74. Kf3 {[%clk 00:04:52]} {[%emt 00:00:01]} Kf1 {[%clk
00:00:11]} {[%emt 00:00:02]} 75. Qf2# {[%clk 00:04:52]} {[%emt 00:00:01]} 1-0

[Event "2024 National Elementary (K-6) Championship"]
[Site "Columbus, Ohio, United States"]
[Date "2024.04.27"]
[Round "3.2"]
[White "Jammalamadaka, Vihaan"]
[Black "Degeest, Rocco Jan"]
[Result "1-0"]
[TimeControl "G/90; d10"]
[WhiteFideId "30977134"]
[WhiteElo "2055"]
[BlackElo "1905"]

1. d4 {[%clk 01:30:00]} {[%emt 00:00:01]} Nf6 {[%clk 01:30:00]} {[%emt
00:00:02]} 2. c4 {[%clk 01:29:59]} {[%emt 00:00:15]} g6 {[%clk 01:30:00]}
{[%emt 00:00:04]} 3. Nc3 {[%clk 01:29:54]} {[%emt 00:00:15]} Bg7 {[%clk
01:30:00]} {[%emt 00:00:02]} 4. e4 {[%clk 01:29:47]} {[%emt 00:00:12]} d6
{[%clk 01:30:00]} {[%emt 00:00:03]} 5. f3 {[%clk 01:29:36]} {[%emt 00:00:21]}
O-O {[%clk 01:30:00]} {[%emt 00:00:09]} 6. Be3 {[%clk 01:29:24]} {[%emt
00:00:22]} e5 {[%clk 01:29:45]} {[%emt 00:00:26]} 7. d5 {[%clk 01:29:13]}
{[%emt 00:00:21]} Nbd7 {[%clk 01:29:13]} {[%emt 00:00:41]} 8. Qd2 {[%clk
01:28:04]} {[%emt 00:01:18]} Nh5 {[%clk 01:28:34]} {[%emt 00:00:50]} 9. O-O-O
{[%clk 01:21:36]} {[%emt 00:06:38]} a5 {[%clk 01:26:55]} {[%emt 00:01:49]} 10.
Nge2 {[%clk 01:18:02]} {[%emt 00:03:43]} b6 {[%clk 01:24:19]} {[%emt 00:02:48]}
11. h4 {[%clk 01:12:19]} {[%emt 00:05:52]} Ba6 {[%clk 01:23:37]} {[%emt
00:00:52]} 12. g4 {[%clk 01:07:36]} {[%emt 00:04:53]} Nf4 {[%clk 01:22:39]}
{[%emt 00:01:09]} 13. Ng3 {[%clk 01:03:26]} {[%emt 00:04:19]} Bf6 {[%clk
01:20:09]} {[%emt 00:02:42]} 14. g5 {[%clk 00:51:23]} {[%emt 00:12:12]} Bg7
{[%clk 01:20:09]} {[%emt 00:00:09]} 15. Kb1 {[%clk 00:47:34]} {[%emt 00:03:58]}
f6 {[%clk 01:14:42]} {[%emt 00:05:37]} 16. gxf6 {[%clk 00:41:19]} {[%emt
00:06:24]} Qxf6 {[%clk 01:12:17]} {[%emt 00:02:36]} 17. h5 {[%clk 00:39:48]}
{[%emt 00:01:41]} Nxh5 {[%clk 01:08:17]} {[%emt 00:04:10]} 18. Nxh5 {[%clk
00:39:05]} {[%emt 00:00:53]} gxh5 {[%clk 01:08:17]} {[%emt 00:00:05]} 19. Rxh5
{[%clk 00:36:55]} {[%emt 00:02:18]} Qxf3 {[%clk 01:07:48]} {[%emt 00:00:40]} 20.
Be2 {[%clk 00:36:38]} {[%emt 00:00:26]} Qf7 {[%clk 01:07:08]} {[%emt 00:00:50]}
21. Bg4 {[%clk 00:31:44]} {[%emt 00:05:05]} Nf6 {[%clk 01:06:59]} {[%emt
00:00:19]} 22. Be6 {[%clk 00:28:36]} {[%emt 00:03:18]} Nxh5 {[%clk 01:06:55]}
{[%emt 00:00:15]} 23. Qh2 {[%clk 00:26:46]} {[%emt 00:01:59]} Nf6 {[%clk
01:05:18]} {[%emt 00:01:48]} 24. Rg1 {[%clk 00:22:35]} {[%emt 00:04:19]} Bxc4
{[%clk 01:01:37]} {[%emt 00:03:52]} 25. Bxf7+ {[%clk 00:15:14]} {[%emt
00:07:31]} Rxf7 {[%clk 01:01:35]} {[%emt 00:00:13]} 26. Qc2 {[%clk 00:14:43]}
{[%emt 00:00:39]} Raf8 {[%clk 00:58:59]} {[%emt 00:02:44]} 27. b3 {[%clk
00:12:26]} {[%emt 00:02:30]} Ba6 {[%clk 00:58:52]} {[%emt 00:00:18]} 28. Bh6
{[%clk 00:10:51]} {[%emt 00:01:44]} Nd7 {[%clk 00:57:17]} {[%emt 00:01:46]} 29.
Qg2 {[%clk 00:08:37]} {[%emt 00:02:22]} Rf1+ {[%clk 00:57:06]} {[%emt
00:00:22]} 30. Rxf1 {[%clk 00:08:36]} {[%emt 00:00:11]} Rxf1+ {[%clk 00:57:06]}
{[%emt 00:00:05]} 31. Kb2 {[%clk 00:08:18]} {[%emt 00:00:28]} Rf7 {[%clk
00:57:06]} {[%emt 00:00:10]} 32. Qg5 {[%clk 00:07:29]} {[%emt 00:00:58]} Nf8
{[%clk 00:54:31]} {[%emt 00:02:45]} 33. Nd1 {[%clk 00:05:47]} {[%emt 00:01:53]}
Ng6 {[%clk 00:50:06]} {[%emt 00:04:34]} 34. Bxg7 {[%clk 00:05:37]} {[%emt
00:00:20]} Kxg7 {[%clk 00:50:06]} {[%emt 00:00:10]} 35. Ne3 {[%clk 00:05:29]}
{[%emt 00:00:18]} Bd3 {[%clk 00:48:06]} {[%emt 00:02:10]} 36. Nf5+ {[%clk
00:05:29]} {[%emt 00:00:09]} Kh8 {[%clk 00:48:06]} {[%emt 00:00:08]} 37. Qd8+
{[%clk 00:05:02]} {[%emt 00:00:36]} Nf8 {[%clk 00:48:06]} {[%emt 00:00:07]} 38.
Qe8 {[%clk 00:04:14]} {[%emt 00:00:58]} Rxf5 {[%clk 00:45:02]} {[%emt
00:03:14]} 39. exf5 {[%clk 00:04:13]} {[%emt 00:00:12]} Kg8 {[%clk 00:45:02]}
{[%emt 00:00:02]} 40. f6 {[%clk 00:04:11]} {[%emt 00:00:12]} Bg6 {[%clk
00:44:58]} {[%emt 00:00:14]} 41. Qe7 {[%clk 00:04:11]} {[%emt 00:00:04]} Bf7
{[%clk 00:44:58]} {[%emt 00:00:08]} 42. Qxc7 {[%clk 00:04:11]} {[%emt
00:00:04]} h5 {[%clk 00:44:58]} {[%emt 00:00:09]} 43. Qxb6 {[%clk 00:03:57]}
{[%emt 00:00:25]} Bxd5 {[%clk 00:44:52]} {[%emt 00:00:15]} 44. Qxd6 {[%clk
00:03:57]} {[%emt 00:00:03]} Be6 {[%clk 00:44:43]} {[%emt 00:00:20]} 45. Qxe5
{[%clk 00:03:57]} {[%emt 00:00:04]} Bf7 {[%clk 00:44:40]} {[%emt 00:00:13]} 46.
Qxa5 {[%clk 00:03:55]} {[%emt 00:00:11]} Ne6 {[%clk 00:44:27]} {[%emt
00:00:23]} 47. Qa8+ {[%clk 00:03:53]} {[%emt 00:00:13]} Kh7 {[%clk 00:44:27]}
{[%emt 00:00:06]} 48. Qe4+ {[%clk 00:03:53]} {[%emt 00:00:03]} Kh6 {[%clk
00:44:27]} {[%emt 00:00:07]} 49. a4 {[%clk 00:03:52]} {[%emt 00:00:11]} Ng5
{[%clk 00:44:18]} {[%emt 00:00:19]} 50. Qf4 {[%clk 00:03:52]} {[%emt 00:00:03]}
Kg6 {[%clk 00:44:18]} {[%emt 00:00:06]} 51. a5 {[%clk 00:03:52]} {[%emt
00:00:07]} Ne6 {[%clk 00:44:18]} {[%emt 00:00:04]} 52. Qh4 {[%clk 00:03:51]}
{[%emt 00:00:10]} Nc5 {[%clk 00:44:11]} {[%emt 00:00:17]} 53. Qg3+ {[%clk
00:03:50]} {[%emt 00:00:12]} Kf5 {[%clk 00:44:00]} {[%emt 00:00:21]} 54. Qf2+
{[%clk 00:03:50]} 1-0

[Event "2024 National Elementary (K-6) Championship"]
[Site "Columbus, Ohio, United States"]
[Date "2024.04.27"]
[Round "3.3"]
[White "Han, Leqi"]
[Black "Rallabandi, Krishna K"]
[Result "1-0"]
[TimeControl "G/90; d10"]
[WhiteFideId "39900436"]
[BlackFideId "25959280"]
[WhiteElo "1873"]
[BlackElo "2046"]

1. d4 {[%clk 01:30:00]} {[%emt 00:00:02]} Nf6 {[%clk 01:26:45]} {[%emt
00:03:27]} 2. c4 {[%clk 01:29:58]} {[%emt 00:00:11]} g6 {[%clk 01:26:21]}
{[%emt 00:00:35]} 3. Nc3 {[%clk 01:29:44]} {[%emt 00:00:24]} d5 {[%clk
01:26:21]} {[%emt 00:00:05]} 4. Nf3 {[%clk 01:29:38]} {[%emt 00:00:15]} Bg7
{[%clk 01:26:21]} {[%emt 00:00:06]} 5. Bg5 {[%clk 01:29:38]} {[%emt 00:00:06]}
Ne4 {[%clk 01:26:21]} {[%emt 00:00:08]} 6. Bf4 {[%clk 01:29:38]} {[%emt
00:00:08]} Nxc3 {[%clk 01:25:23]} {[%emt 00:01:08]} 7. bxc3 {[%clk 01:29:35]}
{[%emt 00:00:13]} c5 {[%emt 00:01:09]} 8. e3 {[%clk 01:28:42]} {[%emt
00:00:59]} O-O {[%clk 01:23:48]} {[%emt 00:00:50]} 9. cxd5 {[%clk 01:28:38]}
{[%emt 00:00:15]} Qxd5 {[%clk 01:23:29]} {[%emt 00:00:28]} 10. Be2 {[%clk
01:28:26]} {[%emt 00:00:20]} Nc6 {[%clk 01:22:19]} {[%emt 00:01:22]} 11. O-O
{[%clk 01:27:58]} {[%emt 00:00:38]} Rd8 {[%clk 01:19:25]} {[%emt 00:03:05]} 12.
Qb3 {[%clk 01:19:53]} {[%emt 00:08:14]} Qxb3 {[%clk 01:16:38]} {[%emt
00:02:57]} 13. axb3 {[%clk 01:19:53]} {[%emt 00:00:02]} Be6 {[%clk 01:11:41]}
{[%emt 00:05:06]} 14. Bc4 {[%clk 01:18:11]} {[%emt 00:01:53]} Bg4 {[%clk
01:09:33]} {[%emt 00:02:18]} 15. Ng5 {[%clk 01:17:08]} {[%emt 00:01:12]} Rf8
{[%clk 01:04:47]} {[%emt 00:04:57]} 16. h3 {[%clk 01:17:08]} {[%emt 00:00:10]}
Bd7 {[%clk 01:04:18]} {[%emt 00:00:40]} 17. Ne4 {[%clk 01:13:55]} {[%emt
00:03:22]} cxd4 {[%clk 01:02:30]} {[%emt 00:01:58]} 18. Nc5 {[%clk 01:13:00]}
{[%emt 00:01:05]} Bf5 {[%clk 00:59:29]} {[%emt 00:03:10]} 19. exd4 {[%clk
01:09:04]} {[%emt 00:04:06]} b6 {[%clk 00:54:37]} {[%emt 00:05:04]} 20. Na6
{[%clk 01:08:17]} {[%emt 00:00:56]} e5 {[%clk 00:52:35]} {[%emt 00:02:12]} 21.
dxe5 {[%clk 01:08:15]} {[%emt 00:00:12]} Nxe5 {[%clk 00:51:38]} {[%emt
00:01:07]} 22. Nc7 {[%clk 01:08:11]} {[%emt 00:00:13]} Rac8 {[%clk 00:45:56]}
{[%emt 00:05:53]} 23. Rxa7 {[%clk 01:06:51]} {[%emt 00:01:30]} Nxc4 {[%clk
00:45:49]} {[%emt 00:00:17]} 24. bxc4 {[%clk 01:06:51]} {[%emt 00:00:04]} Bxc3
{[%clk 00:43:52]} {[%emt 00:02:07]} 25. Nd5 {[%clk 01:06:44]} {[%emt 00:00:17]}
Rxc4 {[%clk 00:43:21]} {[%emt 00:00:41]} 26. Bh6 {[%clk 01:04:07]} {[%emt
00:02:46]} Bg7 {[%clk 00:40:31]} {[%emt 00:03:00]} 27. Bxg7 {[%clk 01:03:24]}
{[%emt 00:00:53]} Kxg7 {[%clk 00:40:31]} {[%emt 00:00:05]} 28. Nxb6 {[%clk
01:03:24]} {[%emt 00:00:06]} Rd4 {[%clk 00:39:10]} {[%emt 00:01:32]} 29. g4
{[%clk 01:02:59]} {[%emt 00:00:34]} Be4 {[%clk 00:35:45]} {[%emt 00:03:35]} 30.
f3 {[%clk 01:00:02]} {[%emt 00:03:06]} Bc2 {[%clk 00:31:02]} {[%emt 00:04:54]}
31. Rc1 {[%clk 00:58:48]} {[%emt 00:01:24]} Bd1 {[%clk 00:27:58]} {[%emt
00:03:14]} 32. Rd7 {[%clk 00:57:17]} {[%emt 00:01:41]} Rd8 {[%clk 00:26:26]}
{[%emt 00:01:43]} 33. Rxd8 {[%clk 00:56:53]} {[%emt 00:00:33]} Rxd8 {[%clk
00:26:26]} {[%emt 00:00:03]} 34. Rc3 {[%clk 00:56:34]} {[%emt 00:00:29]} Rd2
{[%clk 00:23:49]} {[%emt 00:02:46]} 35. Nc4 {[%clk 00:55:40]} {[%emt 00:01:05]}
Re2 {[%clk 00:23:05]} {[%emt 00:00:54]} 36. Ne3 {[%clk 00:53:28]} {[%emt
00:02:21]} Ba4 {[%clk 00:22:50]} {[%emt 00:00:25]} 37. Kf1 {[%clk 00:49:52]}
{[%emt 00:03:47]} Bb5 {[%clk 00:21:17]} {[%emt 00:01:43]} 38. Kg1 {[%clk
00:48:37]} {[%emt 00:01:24]} Kf6 {[%clk 00:19:40]} {[%emt 00:01:48]} 39. Nd5+
{[%clk 00:48:09]} {[%emt 00:00:37]} Kg7 {[%clk 00:17:34]} {[%emt 00:02:16]} 40.
Nf4 {[%clk 00:47:47]} {[%emt 00:00:32]} Rb2 {[%clk 00:16:56]} {[%emt 00:00:49]}
41. Nd5 {[%clk 00:46:27]} {[%emt 00:01:29]} Rd2 {[%clk 00:14:56]} {[%emt
00:02:10]} 42. Ne3 {[%clk 00:45:54]} {[%emt 00:00:43]} Kf6 {[%clk 00:14:49]}
{[%emt 00:00:18]} 43. f4 {[%clk 00:44:52]} {[%emt 00:01:12]} Bd7 {[%clk
00:13:37]} {[%emt 00:01:22]} 44. Nc4 {[%clk 00:41:46]} {[%emt 00:03:16]} g5
{[%clk 00:12:11]} {[%emt 00:01:36]} 45. fxg5+ {[%clk 00:41:03]} {[%emt
00:03:15]} Kxg5 {[%clk 00:12:11]} {[%emt 00:00:03]} 46. Nxd2 {[%clk 00:41:03]}
{[%emt 00:00:06]} Kh4 {[%clk 00:10:49]} {[%emt 00:01:32]} 47. Kh2 {[%clk
00:40:46]} {[%emt 00:00:26]} Kg5 {[%clk 00:10:40]} {[%emt 00:00:19]} 48. Rc5+
{[%clk 00:40:46]} {[%emt 00:00:05]} Kf4 {[%clk 00:10:40]} {[%emt 00:00:08]} 49.
Rh5 {[%clk 00:40:26]} {[%emt 00:00:31]} 1-0